| 000 | 01696nam0a2200421 4500 | ||
|---|---|---|---|
| 001 | RU\NLR\bibl\390092 | ||
| 005 | 20260405070422.0 | ||
| 010 |
_a5-9221-0361-X _91000 |
||
| 021 |
_aRU _b2003-7451 _9345 |
||
| 035 | _a(NLR Aleph) 000384402 | ||
| 090 |
_a475961 _c475961 |
||
| 100 | _a20030408d2003 |||y0rusy50 ca | ||
| 101 | 0 | _arus | |
| 102 | _aRU | ||
| 105 | _aa ||||||||| | ||
| 200 | 1 |
_aНелинейная оптика и обращение волнового фронта _fВ. Г. Дмитриев |
|
| 210 |
_aМ. _cФизматлит _cНаука/Интерпериодика _d2003 |
||
| 215 |
_a256 с. _cил. _d22 |
||
| 320 | _aБиблиогр.: с. 251-256 | ||
| 606 | 0 |
_aОптика нелинейная _91054068 _3RU\NLR\auth\6689731 |
|
| 606 | 0 |
_aНелинейная оптика _92100374 _3RU\NLR\auth\661270350 |
|
| 606 | 0 |
_aЛазеры _xИзлучение _xОбращение волнового фронта _92213052 _3RU\NLR\auth\661329331 |
|
| 606 | 0 |
_aЛазерное излучение _xОбращение волнового фронта _92213054 _3RU\NLR\auth\661329332 |
|
| 610 | 0 | _aОптика нелинейная | |
| 610 | 0 | _aВолновые процессы | |
| 675 |
_a535:530.182 _v3 _zrus |
||
| 686 |
_a29.31 _2rugasnti |
||
| 686 |
_a22.343 _2rubbk |
||
| 686 | _aЗ86 | ||
| 686 | _aЗ86-013.8 | ||
| 700 | 1 |
_4070 _8rus _7ca _aДмитриев _bВ. Г. _cд-р физ.-мат. наук _f1936-2011 _gВалентин Георгиевич _3RU\NLR\AUTH\7723882 _96935 |
|
| 801 | 0 |
_aRU _bRKP _c20030408 _gPSBO |
|
| 801 | 1 |
_aRU _bRKP _c20030408 |
|
| 801 | 2 |
_aRU _bNLR _c20050310 _grcr |
|
| 942 | _cBOOK | ||
| 980 | _aNB | ||